Japan information processing development center : General survey

Salvato in:
Dettagli Bibliografici
Ente Autore: Jipdec Report
Natura: Libro
Lingua:Undetermined
Pubblicazione: Japan Jipdec Report 1979
Soggetti:
Tags: Aggiungi Tag
Nessun Tag, puoi essere il primo ad aggiungerne! !
Thư viện lưu trữ: Trung tâm Học liệu Trường Đại học Cần Thơ
LEADER 00531nam a2200205Ia 4500
001 CTU_99711
008 210402s9999 xx 000 0 und d
082 |a 004 
082 |b J35 
110 |a Jipdec Report 
245 0 |a Japan information processing development center : 
245 0 |b General survey 
245 0 |c Jipdec Report 
260 |a Japan 
260 |b Jipdec Report 
260 |c 1979 
650 |a Computer science 
650 |z Japan 
904 |i Giang 
980 |a Trung tâm Học liệu Trường Đại học Cần Thơ